header

The female and the species (Record no. 194785)

MARC details
000 -LEADER
fixed length control field 01821nam a2200409 a 4500
082 04 - DEWEY DECIMAL CLASSIFICATION NUMBER
Classification number 820.9/362082
100 1# - MAIN ENTRY--AUTHOR NAME
Personal name O'Connor, Maureen,
245 14 - TITLE STATEMENT
Title The female and the species
260 ## - PUBLICATION, DISTRIBUTION, ETC. (IMPRINT)
Place of publication Oxford, England ;
-- New York :
Name of publisher Peter Lang,
Year of publication 2010.
300 ## - PHYSICAL DESCRIPTION
Number of Pages x, 193 p.
505 0# - FORMATTED CONTENTS NOTE
Formatted contents note "Vile bodies" -- Frances Power Cobbe, political animal -- The evolutionary new woman -- Running with the hare and hunting with the hounds in the fiction of Somerville and Ross -- Contemporary representations of sacrificial logic.
650 #0 - SUBJECT ADDED ENTRY--TOPICAL TERM
Topical Term English literature
Topical Term Women authors, Irish.
Topical Term Women and animals.
Topical Term Women and literature
Topical Term Nature in literature.
Topical Term National characteristics, Irish, in literature.
856 40 - ELECTRONIC LOCATION AND ACCESS
Uniform Resource Identifier http://site.ebrary.com/lib/rucke/Doc?id=10600499

No items available.

© 2026 Rongo University
Contact us: librarian | system librarian | Rongo university